[Event "2nd Open"]
[Site "Urumia IRI"]
[Date "2008.08.27"]
[Round "2"]
[White "Ghadiri,E"]
[Black "Ahmadinia,E"]
[Result "0-1"]
[WhiteElo "2006"]
[BlackElo "2298"]

1.e4 d5 2.exd5 Qxd5 3.Nc3 Qd6 4.Nf3 Nf6 5.Be2 a6 6.d4 Bf5 7.h3 Nc6 8.a3 e6
9.O-O Be7 10.Be3 O-O 11.Nh4 Rad8 12.Nf3 Nd7 13.Qd2 Bf6 14.Rad1 Nb6 15.b4 Rd7
16.d5 Rfd8 17.Bc5 Bxc3 18.Qc1 Qxd5 19.Rxd5 Rxd5 20.Bxb6 cxb6 21.Qe3 Bd4 22.Nxd4 Rxd4
23.Bd3 Bxd3 24.cxd3 b5 25.Rd1 g6 26.f3 Kg7 27.Kf2 R8d5 28.Kg1 h6 29.Qe2 Ne5
30.Rc1 Nxd3 31.Rc7 Nf4 32.Qe3 e5 33.Rc2 h5 34.h4 Ne6 35.g3 Rd3 36.Qe4 Kf6
37.Kg2 R3d4 38.Qe3 Kg7 39.Rc3 Rd2+ 40.Kh3 Rd1 41.Rc2 R1d3 42.Qe4 f5 43.Qe2 Rxa3
44.Rd2 Rxd2 45.Qxd2 Rxf3 46.Qd7+ Kf6 47.Qxb7 Rb3 48.Qxa6 Rxb4 49.Qc8 Re4
50.Qa8 Kf7 51.Qb8 b4 52.Qc8 Re3 53.Qb7+ Kf6 54.Qxb4 f4 55.Kh2 fxg3+ 56.Kg1 Rd3
57.Qb6 Kf5 58.Qb7 Nf4  0-1

[Event "16th Nikea Open"]
[Site "Athens GRE"]
[Date "2008.08.28"]
[Round "4"]
[White "Sigalas,F"]
[Black "Nikoleris,S"]
[Result "1-0"]
[WhiteElo "2242"]
[BlackElo "2072"]

1.e4 d5 2.exd5 Qxd5 3.Nc3 Qd8 4.Bc4 g6 5.d4 Bg7 6.Nf3 Nh6 7.Ne4 O-O 8.O-O Nf5
9.c3 Nd6 10.Bd3 Nd7 11.Qe2 Nf6 12.Nxf6+ Bxf6 13.Bg5 Bxg5 14.Nxg5 Bf5 15.Rad1 e6
16.Nf3 Bg4 17.h3 Bxf3 18.Qxf3 Kg7 19.Rfe1 Re8 20.Re5 f6 21.Re2 Re7 22.Rde1 Qd7
23.Qg4 Rae8 24.f4 c6 25.Bc2 Nb5 26.h4 f5 27.Qg5 c5 28.Bxf5 cxd4 29.Bd3 Nc7
30.c4 Rf8 31.h5 Rf6 32.h6+ Kf7 33.f5  1-0

[Event "44th Rubinstein Mem Open A"]
[Site "Polanica Zdroj POL"]
[Date "2008.08.28"]
[Round "10"]
[White "Sabuk,P"]
[Black "Golek,J"]
[Result "1/2-1/2"]
[WhiteElo "2091"]
[BlackElo "2023"]

1.e4 d5 2.exd5 Qxd5 3.Nc3 Qd6 4.d4 Nf6 5.Nf3 a6 6.g3 Bf5 7.Bg2 c6 8.O-O e6
9.a3 Qc7 10.Ne5 Nbd7 11.Bf4  1/2-1/2

[Event "XLII Open"]
[Site "Mislata ESP"]
[Date "2008.08.29"]
[Round "7"]
[White "Cabrera,Ale"]
[Black "Berrocal,J"]
[Result "1-0"]
[WhiteElo "2513"]
[BlackElo "2320"]

1.e4 d5 2.exd5 Qxd5 3.Nc3 Qd8 4.d4 Nf6 5.Bc4 c6 6.Nf3 b5 7.Bb3 e6 8.O-O Be7
9.a4 b4 10.Ne2 O-O 11.Nf4 Nd5 12.Nd3 Nd7 13.Re1 Bb7 14.a5 Rc8 15.Bd2 c5 16.Bxd5 Bxd5
17.dxc5 Nxc5 18.Nxb4 Bxf3 19.gxf3 Qd4 20.Bc3 Qh4 21.Qd4 Qh6 22.Bd2 Bg5 23.Bxg5 Qxg5+
24.Kh1 Rfd8 25.Qe3 Qf6 26.Rad1 h6 27.c3 Kh8 28.Kg2 Kg8 29.f4 Kf8 30.Qe5 Qg6+
31.Kf1 Rxd1 32.Rxd1 Qg4 33.Rd4 Qh3+ 34.Ke2 Qg4+ 35.Kf1 Qh3+ 36.Ke1 Qxh2 37.Ke2 Qg2
38.Nd3 Qg4+ 39.f3 Qg2+ 40.Nf2 Nb3 41.Rb4 Nc1+ 42.Ke3 Qf1 43.Qd6+ Ke8 44.Qd1 Qxd1
45.Nxd1 Rd8 46.Nf2 Rd7 47.Rb8+ Ke7 48.b4 Rc7 49.Ne4 f5 50.Nc5 Nb3 51.Nxb3 Rxc3+
52.Kd4 Rxb3 53.Kc5 Rc3+ 54.Kb5 Rc7 55.Ka6 g5 56.Rh8 gxf4 57.Rh7+ Kd6 58.Rxc7 Kxc7
59.Kxa7 Kc6 60.a6 e5 61.Kb8  1-0

[Event "28th Open"]
[Site "Bratto ITA"]
[Date "2008.08.30"]
[Round "9"]
[White "Bertagia,R"]
[Black "Griffa,R"]
[Result "0-1"]
[WhiteElo "2019"]
[BlackElo "2084"]

1.e4 d5 2.exd5 Qxd5 3.Nc3 Qd6 4.d4 Nf6 5.Be3 Bf5 6.Bd3 Bxd3 7.Qxd3 Nc6 8.Nf3 e6
9.O-O-O O-O-O 10.Rhe1 Nd5 11.Ne4 Qb4 12.Neg5 Rd7 13.Nxh7 Bd6 14.Nhg5 Nf4
15.Qf1 Qa4 16.a3 Nb4 17.Qc4 b5 18.Qxb4 Bxb4 19.axb4 Nxg2 20.Rg1 Nxe3 21.fxe3 Qxb4
22.Ne5 Rxh2 23.Nxd7 Qa4  0-1

[Event "MCF GM"]
[Site "Kuala Lumpur MAS"]
[Date "2008.08.30"]
[Round "5"]
[White "Iuldachev,S"]
[Black "Sermek,D"]
[Result "1/2-1/2"]
[WhiteElo "2520"]
[BlackElo "2509"]

1.e4 d5 2.exd5 Qxd5 3.Nc3 Qd6 4.d4 Nf6 5.Nf3 a6 6.g3 b5 7.Bg2 Bb7 8.O-O e6
9.Bf4 Qb6 10.Be3 c5 11.a4 b4 12.a5 Qc7 13.Na4 Nbd7 14.Bf4 Qc6 15.Nh4 Qc8
16.dxc5 Bxg2 17.Nxg2 Qc6 18.Qd2 Qb5 19.Nb6 Ra7 20.Nc8 Ra8 21.Nb6 Ra7 22.Nc8 Ra8
23.Nd6+ Bxd6 24.Bxd6 Ne4 25.Qd4 Ndf6 26.f3 Nxd6 27.cxd6 O-O 28.Ne3 Rfd8 29.Nc4 Rac8
30.b3 Nd5 31.Rf2 Qc5 32.Qe4 Nf6 33.Qd3 Nd5 34.Re1 h6 35.Re5 Qc6 36.Rd2 Rxd6
37.Nxd6 Qxd6 38.Re4 Qc5+ 39.Kg2  1/2-1/2

[Event "2nd Open"]
[Site "Urumia IRI"]
[Date "2008.08.30"]
[Round "8"]
[White "Faryad,H"]
[Black "Ahmadinia,E"]
[Result "0-1"]
[WhiteElo "2120"]
[BlackElo "2298"]

1.e4 d5 2.exd5 Qxd5 3.Nc3 Qd6 4.d4 Nf6 5.Nf3 a6 6.g3 b5 7.Bg2 Bb7 8.O-O e6
9.Bf4 Qb6 10.a4 Bd6 11.Bxd6 cxd6 12.axb5 axb5 13.Qe2 b4 14.Rxa8 Bxa8 15.Qb5+ Nbd7
16.Qxb6 Nxb6 17.Nb5 Ke7 18.Ra1 Bc6 19.Na7 Bd7 20.Nd2 Nfd5 21.Ra6 Rb8 22.Nb3 Nc7
23.Ra2 d5 24.Nc5 Ra8 25.Bf1 Ke8 26.Bd3 f5 27.b3 Nc8 28.Nxc8 Rxa2 29.Nb6 Bc6
30.Kf1 Ra1+ 31.Ke2 g5 32.h3 h5 33.Kf3 Ke7 34.Nc8+ Kf6 35.Nb6 Re1 36.Nbd7+ Ke7
37.Ne5 Be8 38.Be2 Nb5 39.Bxb5 Bxb5 40.Ncd3 Bxd3 41.Nxd3 g4+ 42.hxg4 hxg4+
43.Kg2 Rd1 44.Nxb4 Kd6 45.f4 Rxd4 46.Nd3 Rxd3 47.cxd3 Kc5 48.Kf2 Kb4 49.Ke3 Kxb3
50.Kd2 d4  0-1

[Event "16th Nikea Open"]
[Site "Athens GRE"]
[Date "2008.08.31"]
[Round "8"]
[White "Sigalas,F"]
[Black "Dounis,A"]
[Result "1-0"]
[WhiteElo "2242"]
[BlackElo "2162"]

1.e4 d5 2.exd5 Qxd5 3.Nc3 Qd6 4.d4 Nf6 5.Nf3 a6 6.g3 Bg4 7.h3 Bh5 8.Bg2 Nc6
9.O-O O-O-O 10.Be3 e5 11.dxe5 Nxe5 12.g4 Bg6 13.Qe2 Re8 14.Rfd1 Qe6 15.Nxe5 Qxe5
16.Qf3 c6 17.Bf4 Qa5 18.Bg3 Bc5 19.Qf4 Nd7 20.Na4 Ne5 21.Nxc5 Qxc5 22.c3 f6
23.b4 Qxc3 24.Rac1 Qb2 25.Qe3 Kb8 26.Qb6 Ka8 27.Rxc6 Qe2 28.Rc8+  1-0

[Event "XVI Open"]
[Site "Albacete ESP"]
[Date "2008.09.01"]
[Round "1"]
[White "Machado Hernandez,J"]
[Black "Epishin,V"]
[Result "0-1"]
[WhiteElo "1975"]
[BlackElo "2574"]

1.e4 d5 2.exd5 Qxd5 3.Nc3 Qd6 4.d4 Nf6 5.Bc4 g6 6.Nf3 Bg7 7.Ne5 O-O 8.O-O Nc6
9.Nb5 Qd8 10.Nxc6 bxc6 11.Nc3 Qd6 12.Be3 Ng4 13.g3 Bf5 14.Be2 Nxe3 15.fxe3 e5
16.d5 Qc5 17.dxc6 Qxe3+ 18.Kg2 Rad8 19.Qe1 Rd2 20.Rf3 Be4  0-1

[Event "16th Nikea Open"]
[Site "Athens GRE"]
[Date "2008.09.01"]
[Round "9"]
[White "Kiriazis,D"]
[Black "Goumas,I"]
[Result "0-1"]
[WhiteElo "1853"]
[BlackElo "2219"]

1.e4 d5 2.exd5 Qxd5 3.Nc3 Qd6 4.Bc4 Nf6 5.d3 a6 6.a4 e6 7.Nge2 b6 8.O-O Bb7
9.Bf4 Qc6 10.f3 Bd6 11.Kh1 Bxf4 12.Nxf4 Nbd7 13.Qe1 O-O-O 14.Qb1 g5 15.Nfe2 Ne5
16.Ba2 g4 17.Ne4 gxf3 18.gxf3 Nxe4 19.fxe4 Rhg8 20.Nc3 Rg4 21.Qe1 Rdg8 22.b4 Kb8
23.b5 axb5 24.axb5 Qc5 25.Rd1 R8g6 26.Bb3 f5 27.h3 Rg3 28.Kh2 Rg2+ 29.Kh1 R2g3
30.Kh2 Rg1 31.h4 Ng4+ 32.Kh3 Qe5 33.Rd2 Nf2+ 34.Qxf2 R1g3+  0-1

[Event "SuperLiga-ROM"]
[Site "Eforie Nord ROM"]
[Date "2008.09.01"]
[Round "1"]
[White "Baklan,V"]
[Black "Varga,Zo"]
[Result "1/2-1/2"]
[WhiteElo "2631"]
[BlackElo "2479"]

1.e4 d5 2.exd5 Qxd5 3.Nc3 Qd6 4.d4 Nf6 5.Nf3 c6 6.g3 Bg4 7.Bg2 e6 8.h3 Bh5
9.O-O Nbd7 10.a3 Qc7 11.Re1 Be7 12.Ne2 Bxf3 13.Bxf3 e5 14.c3 O-O 15.Bg2 Rad8
16.Qc2 c5 17.dxe5 Nxe5 18.Bf4 Nfd7 19.c4 f6 20.Nc3 Nb6 21.b3 Rd7 22.Rad1 Bd6
23.Nb5 Qb8 24.Qf5 Re8 25.Be4 h6 26.Bxe5  1/2-1/2

[Event "Open A"]
[Site "Graz SUI"]
[Date "2008.09.01"]
[Round "3"]
[White "Schreiner,Pe"]
[Black "Boehmer,E"]
[Result "1-0"]
[WhiteElo "2137"]
[BlackElo "2171"]

1.e4 d5 2.exd5 Qxd5 3.Nc3 Qd6 4.d4 c6 5.g3 Nf6 6.Bg2 Bg4 7.Nge2 e6 8.Bf4 Qd8
9.h3 Bh5 10.Qd2 Bb4 11.a3 Ba5 12.b4 Bc7 13.O-O O-O 14.Rfe1 Bg6 15.Rad1 a6
16.Na4 Be4 17.Bxe4 Nxe4 18.Qd3 Nf6 19.Nc5 Bxf4 20.Nxf4 b6 21.Ncxe6 fxe6 22.Nxe6 Qd6
23.Nxf8 Kxf8 24.c4 Nbd7 25.Qf5 Re8 26.Rxe8+ Kxe8 27.g4 g6 28.Qf3 Kd8 29.Re1 Kc7
30.Qe3 Qf8 31.Kg2 Qf7 32.Qf4+  1-0

[Event "17th CRO-chT 1b"]
[Site "Sibenik CRO"]
[Date "2008.09.01"]
[Round "5"]
[White "Novak,Danij"]
[Black "Separovic,T"]
[Result "1-0"]
[WhiteElo "2374"]
[BlackElo "2210"]

1.e4 d5 2.exd5 Qxd5 3.Nc3 Qd6 4.d4 Nf6 5.Bc4 a6 6.Nf3 e6 7.Qe2 Be7 8.O-O O-O
9.Ne4 Qc6 10.Bd3 Nbd7 11.c4 Re8 12.Bf4 Nxe4 13.Bxe4 Qb6 14.c5 Qa5 15.Qc2 c6
16.Bxh7+ Kf8 17.Ne5 Nf6 18.Rfe1 Nd5 19.Qe4 Nf6 20.Qd3 Nd7 21.Nc4 Qd8 22.Nd6 Bf6
23.Nxe8 Kxe8 24.Bd6  1-0

[Event "17th CRO-chT 1b"]
[Site "Sibenik CRO"]
[Date "2008.09.01"]
[Round "5"]
[White "Juranic,B"]
[Black "Plenkovic,Z"]
[Result "1/2-1/2"]
[WhiteElo "2174"]
[BlackElo "2346"]

1.e4 d5 2.exd5 Qxd5 3.Nc3 Qd6 4.d4 g6 5.Bd3 Bg7 6.Nge2 Nf6 7.Bf4 Qb6 8.O-O O-O
9.a4 c6 10.Qd2 a5 11.Bh6 Na6 12.Ne4 Nb4 13.Nxf6+ exf6 14.Bxg7 Kxg7 15.Bc4 Rd8
16.Ra3 Qc7 17.Rg3 Nd5 18.Bxd5 Rxd5 19.c4 Rh5 20.Re1 Rh4 21.Nc3 Bf5 22.d5 Qd6
23.Qe2 Qb4 24.Qf3 Bd7 25.b3 Qxb3 26.Ne4 Qxf3 27.Rxf3 Re8 28.Rfe3 cxd5 29.cxd5 f5
30.Nc5 Rxe3 31.fxe3 Bxa4 32.d6 Kf8 33.d7 Ke7 34.e4 Bxd7 35.exf5+ Kd6 36.Nxb7+ Kc7
37.fxg6 hxg6 38.Nxa5 Be6 39.Rc1+ Kb6 40.Nc6 Re4 41.Ne7 Re2 42.Nc8+ Ka6 43.Ne7 Kb7
44.Rd1 Re5 45.Kf2 Kc7 46.Re1 Kd6 47.Rxe5 Kxe5 48.Nc6+ Ke4 49.g3 Bf5 50.h4  1/2-1/2

[Event "XVI Open"]
[Site "Albacete ESP"]
[Date "2008.09.02"]
[Round "3"]
[White "Garcia Magadan,R"]
[Black "Avila Jimenez,J"]
[Result "0-1"]
[WhiteElo "1920"]
[BlackElo "2286"]

1.e4 d5 2.exd5 Qxd5 3.Nc3 Qd6 4.g3 Nf6 5.h3 Bf5 6.Bg2 Nc6 7.d3 O-O-O 8.Qf3 e6
9.Nge2 Nd5 10.Nxd5 Qxd5 11.Be3 Bb4+ 12.c3 Qxf3 13.Bxf3 Ne5 14.Be4 Bxe4 15.dxe4 Nd3+
16.Kd1 Bc5 17.Nd4 Nxb2+ 18.Kc2 Nc4 19.Bg5 Rd6 20.Be7 Rxd4 21.Bxc5 Rd2+ 22.Kb3 b5
23.Rhb1 a5 24.a4 c6 25.axb5 cxb5 26.Ra2 Rhd8 27.Be7 R8d7 28.Bg5 a4+  0-1

[Event "SuperLiga-ROM"]
[Site "Eforie Nord ROM"]
[Date "2008.09.02"]
[Round "2"]
[White "Tufa,M"]
[Black "Ardelean,Ge"]
[Result "0-1"]
[WhiteElo "2108"]
[BlackElo "2498"]

1.e4 d5 2.exd5 Qxd5 3.Nc3 Qd6 4.d4 Nf6 5.Nf3 a6 6.Ne5 Nc6 7.Nxc6 Qxc6 8.d5 Qd6
9.Be2 b5 10.Bg5 Bb7 11.Bxf6 Qxf6 12.Nxb5 axb5 13.Bxb5+ c6 14.dxc6 Bxc6 15.Qd5 Rc8
16.O-O-O g6 17.Rd3 Bh6+ 18.Kb1 O-O 19.Bxc6 Rxc6 20.Rf3 Qd6 21.Qxd6 Rxd6 22.b4 Rb8
23.a3 Rd2 24.c4 Bg7 25.Rb3 Bd4 26.Rc1 Rxf2 27.c5 Rxg2 28.c6 Rg1 29.b5 Kf8
30.a4 Rxc1+ 31.Kxc1 Bb6 32.Kc2 Ra8 33.Rc3 e5 34.Kb3 Ke7 35.Rd3 Rd8 36.Rxd8 Kxd8
37.Kb4 e4 38.a5 e3 39.axb6 e2 40.b7 e1=Q+ 41.Kc5 Qe3+ 42.Kd6 Qd4+  0-1

[Event "17th CRO-chT 1w"]
[Site "Sibenik CRO"]
[Date "2008.09.02"]
[Round "6"]
[White "Krivec,J"]
[Black "Boric,E"]
[Result "0-1"]
[WhiteElo "2337"]
[BlackElo "2292"]

1.e4 d5 2.exd5 Qxd5 3.Nc3 Qd6 4.d4 Nf6 5.Nf3 Bg4 6.h3 Bxf3 7.Qxf3 c6 8.Be3 Nbd7
9.O-O-O e6 10.Bf4 Qb4 11.Bc7 Nb6 12.a3 Qe7 13.Be5 O-O-O 14.Nb5 Nfd5 15.Nxa7+ Kd7
16.c4 Ra8 17.cxd5 Rxa7 18.Qb3 Qd8 19.dxe6+ fxe6 20.Be2 Nd5 21.Rhe1 Be7 22.Bg4 Bg5+
23.Kb1 Qe8 24.g3 h5 25.Be2 Rf8 26.f4 Be7 27.h4 Qg6+ 28.Qd3 Qf7 29.Qf3 g6
30.Qb3 Rfa8 31.Rc1 Qf8 32.Bd3 Qe8 33.Qc2 Bxa3 34.Bxg6 Qf8 35.Qb3 Be7 36.Kc2 Qg8
37.Be4 Nb4+ 38.Kd2 Qg4 39.Qf3 Qg8 40.f5 Ra2 41.Rb1 exf5 42.Bxf5+ Kd8 43.Qxh5 Nd5
44.Kd1 Bb4 45.Re2 Ne7 46.Qh7 Qb3+ 47.Kc1 Qc4+ 48.Kd1 Qb3+ 49.Bc2 Qf3 50.Bd3 Rxb2
51.Rxb2 Ra3 52.Bc7+ Kxc7 53.Bc4 Qf1+ 54.Kc2 Rc3+  0-1

[Event "5th LGA Premium Cup"]
[Site "Nuernberg GER"]
[Date "2008.09.04"]
[Round "1"]
[White "Bangiev,A"]
[Black "Ortpaul,M"]
[Result "1-0"]
[WhiteElo "2438"]
[BlackElo "2006"]

1.e4 d5 2.exd5 Qxd5 3.Nc3 Qd6 4.d4 Nf6 5.Nb5 Qd8 6.c4 c6 7.Nc3 Bf5 8.Nf3 e6
9.Be2 Nbd7 10.O-O Bd6 11.d5 Qc7 12.h3 exd5 13.cxd5 Nxd5 14.Nxd5 cxd5 15.Qxd5 Be6
16.Qd1 Rd8 17.Nd4 a6 18.Nxe6 fxe6 19.Bh5+ g6 20.Bg4 Nc5 21.Qe2 O-O 22.b4 Be5
23.Bg5 Bxa1 24.Bxd8 Qxd8 25.Rxa1 Qd4 26.Rd1 Qxb4 27.Bxe6+ Nxe6 28.Qxe6+ Rf7
29.Rd8+ Kg7 30.Qe5+ Kh6 31.Qe3+ Qf4 32.Qe2 Re7 33.Qxe7 Qc1+ 34.Rd1 Qxd1+
35.Kh2 Qd5 36.Qf8+  1-0

[Event "TCh-SRB 1st League"]
[Site "Subotica SRB"]
[Date "2008.09.04"]
[Round "4"]
[White "Skoko,Mil"]
[Black "Sarenac,D"]
[Result "0-1"]
[WhiteElo "2257"]
[BlackElo "2222"]

1.e4 d5 2.exd5 Qxd5 3.Nc3 Qd6 4.d4 Nf6 5.Nf3 a6 6.Be3 b5 7.Be2 Bb7 8.Qd2 Nbd7
9.O-O e6 10.Rfe1 Be7 11.Bf4 Qb6 12.Rad1 O-O 13.Be3 b4 14.Na4 Qa5 15.b3 Ne4
16.Qc1 Bc6 17.Bd3 Ndf6 18.Bg5 Nxg5 19.Nxg5 Bxa4 20.bxa4 h6 21.Re5 Qxa4 22.Nf3 Bd6
23.Ree1 Qxa2 24.Qe3 Qd5 25.Ra1 a5 26.Ra4 c5 27.dxc5 Bxc5 28.Qe2 Bb6 29.Nd2 Qd4
30.Nf3 Qf4 31.g3 Qg4 32.c3 Nd5 33.h3 Qxg3+ 34.Kh1 Qxh3+ 35.Nh2 Nxc3 36.Qe5 Qxd3  0-1

[Event "7th Open"]
[Site "Izmir TUR"]
[Date "2008.09.05"]
[Round "8"]
[White "Reyhan,D"]
[Black "Mamedjarova,Z"]
[Result "1/2-1/2"]
[WhiteElo "2248"]
[BlackElo "2326"]

1.e4 d5 2.exd5 Qxd5 3.Nc3 Qd8 4.d4 g6 5.Bc4 Bg7 6.Nf3 Nh6 7.Bf4 Nf5 8.Be5 O-O
9.Bxg7 Kxg7 10.Qd2 a6 11.a4 Nd7 12.O-O a5 13.Rad1 Nf6 14.Rfe1 Qd6 15.Nb5 Qb6
16.Bb3 c6 17.Na3 Qc7 18.c4 Rd8 19.Qc3 Ng8 20.Nb1  1/2-1/2

[Event "Masters"]
[Site "Trieste ITA"]
[Date "2008.09.05"]
[Round "7"]
[White "Hrzica,R"]
[Black "Degtiarev,E"]
[Result "1-0"]
[WhiteElo "2285"]
[BlackElo "2367"]

1.e4 d5 2.exd5 Qxd5 3.Nc3 Qd6 4.Nf3 Nf6 5.h3 g6 6.d4 Bg7 7.Nb5 Qd8 8.c3 O-O
9.Be2 b6 10.O-O Bb7 11.Na3 Qc8 12.Nc4 c5 13.dxc5 Rd8 14.Qb3 Qxc5 15.Be3 Qc8
16.Nce5 Nd5 17.Rad1 e6 18.Bc1 Qc7 19.Ng4 Nc6 20.Bg5 Rf8 21.Qa4 f6 22.Bc1 Rad8
23.Bc4 Na5 24.Be2 e5 25.c4 Ba6 26.Rxd5 Rxd5 27.Ne3 Rdd8 28.b4 e4 29.Nd2 f5
30.bxa5 bxa5 31.Nb3 f4 32.Qxa5 Qxa5 33.Nxa5 fxe3 34.Bxe3 Rc8 35.Rc1 Rc7 36.Bg4 Kf7
37.c5 Bc8 38.Be2 Be6 39.a4 Kg8 40.c6 h5 41.Nb7 Bd5 42.Rc5 Bb3 43.Bb5 Ra8
44.Bf4 Rf7 45.c7 Rxf4 46.c8=Q+ Rxc8 47.Rxc8+ Kh7 48.Nc5 Bd5 49.Rd8 Rf5 50.Re8 Re5
51.Na6 Rxe8 52.Bxe8 Bd4 53.Nb4 e3 54.fxe3 Bxe3+ 55.Kh2 Bb3 56.g4 h4 57.Kg2 a5
58.Nd3 Bd5+ 59.Kf1 g5 60.Ne5 Kg7 61.Bc6 Bxc6 62.Nxc6 Bb6 63.Ke2 Kf6 64.Kd3 Ke6
65.Kc4 Kd6 66.Kb5 Bc7 67.Nxa5 Ke5 68.Nc4+ Kf4 69.Kc6 Bd8 70.Nb6 Kg3 71.a5 Kxh3
72.a6 Kxg4 73.a7 h3 74.a8=Q h2 75.Qa1 Bf6 76.Qh1  1-0

[Event "SuperLiga-ROM"]
[Site "Eforie Nord ROM"]
[Date "2008.09.06"]
[Round "6"]
[White "Azarov,S"]
[Black "Sergeev,Vl"]
[Result "1/2-1/2"]
[WhiteElo "2605"]
[BlackElo "2508"]

1.e4 d5 2.exd5 Qxd5 3.Nc3 Qd6 4.d4 Nf6 5.Nf3 c6 6.h3 Bf5 7.g3 h6 8.Bg2 e6
9.O-O Be7 10.a3 O-O 11.Qe2 Qc7 12.Nd1 Nbd7 13.c4 Rfe8 14.Nc3 a6 15.Re1 Rad8
16.b4 a5 17.Bf4 Bd6 18.Ne5 axb4 19.axb4 Qb8 20.Red1  1/2-1/2

[Event "TCh-FIN"]
[Site "Finland FIN"]
[Date "2008.09.07"]
[Round "2"]
[White "Nieminen,K"]
[Black "Alho,S"]
[Result "1/2-1/2"]
[WhiteElo "2210"]
[BlackElo "2141"]

1.e4 d5 2.exd5 Qxd5 3.Nc3 Qd6 4.d4 c6 5.Nge2 Nf6 6.Bf4 Qd8 7.Qd2 Bf5 8.Ng3 Bg6
9.h4 h5 10.Bd3 Bxd3 11.Qxd3 Na6 12.a3 Qd7 13.Nge4 O-O-O 14.O-O-O e6 15.Ng5 Nc7
16.Bh2 Ng4 17.Bg3 Bd6 18.Nge4 Bxg3 19.Qxg3 Nd5 20.Rhe1 Qc7 21.Qxc7+ Kxc7
22.Nxd5+ cxd5 23.Ng5 Rd7 24.Re2 Re8 25.Rde1 Rde7 26.c3 Kd7 27.Nh3 Nh6 28.Nf4 g6
29.Kc2 Nf5 30.g3 Nd6 31.Nd3 Rg8 32.Nf4 Rge8 33.Nd3 Rg8 34.Nf4  1/2-1/2

[Event "XXV Aniversario"]
[Site "Parla ESP"]
[Date "2008.09.08"]
[Round "3"]
[White "Oliver Fernandez,R"]
[Black "Corregidor Serrano,J"]
[Result "1/2-1/2"]
[WhiteElo "2019"]
[BlackElo "1784"]

1.e4 d5 2.exd5 Qxd5 3.Nc3 Qd6 4.Bc4 Nf6 5.h3 Nbd7 6.Nf3 a6 7.d3 b5 8.Bb3 Bb7
9.Be3 e6 10.Qe2 Be7 11.Rd1 O-O 12.O-O c5 13.Rfe1 Qc6 14.Bf4 Rfe8 15.a3 Nf8
16.Ne4 Ng6 17.Bh2 Rad8 18.c3 Nd5 19.Bc2 Rd7 20.d4 c4 21.Ned2 Ndf4 22.Bxf4 Nxf4
23.Qe4 Qxe4 24.Nxe4 Red8 25.Kh2 Bd5 26.Ne5 Rc7 27.Nf3 f5 28.Ned2 a5 29.Re3 a4
30.Rde1 Bd6 31.g3 Nh5 32.Ne5 f4 33.R3e2 fxg3+ 34.fxg3 Rf8 35.Rf1 Rxf1 36.Nxf1 Nf6
37.Ne3 Bb7 38.N3g4 Nxg4+ 39.Nxg4 Re7 40.Be4 Bxe4 41.Rxe4 Kf7 42.Kg2 Bc7 43.Ne5+ Bxe5
44.Rxe5 Rb7 45.Kf3 Kf6 46.h4 Rb6 47.g4 Rb7 48.Ke4 h6 49.g5+ hxg5 50.hxg5+ Ke7
51.Kf4 g6 52.Re2 Kd6 53.Rh2 Rf7+ 54.Kg3  1/2-1/2

[Event "IV Geller Memorial"]
[Site "Odessa UKR"]
[Date "2008.09.09"]
[Round "1"]
[White "Ostrovskiy,And"]
[Black "Miljutin,O"]
[Result "1-0"]
[WhiteElo "2445"]
[BlackElo "2167"]

1.e4 d5 2.exd5 Qxd5 3.Nc3 Qd6 4.Nf3 Nf6 5.d4 a6 6.g3 b5 7.Bg2 Bb7 8.O-O e6
9.Ne5 c6 10.a4 b4 11.Ne4 Qc7 12.Ng5  1-0

[Event "4th ch-EU"]
[Site "Liverpool ENG"]
[Date "2008.09.10"]
[Round "2"]
[White "Spoelman,W"]
[Black "Tiviakov,S"]
[Result "1/2-1/2"]
[WhiteElo "2448"]
[BlackElo "2645"]

1.e4 d5 2.exd5 Qxd5 3.Nc3 Qd6 4.d4 Nf6 5.Nf3 c6 6.g3 Bg4 7.Bg2 e6 8.Bf4 Qd8
9.Qd2 Bxf3 10.Bxf3 Bd6 11.O-O-O Bxf4 12.Qxf4 Na6 13.Ne4 Nxe4 14.Bxe4 Nb4
15.Kb1 Nd5 16.Qd2 Nf6 17.Bf3 Qc7 18.Rhe1 O-O-O 19.h4 Rd6 20.Qg5 Rg8 21.c3 h6
22.Qe5 Rgd8 23.g4 Ne8 24.g5 hxg5 25.hxg5 g6 26.Kc2 R6d7 27.Qxc7+ Kxc7 28.Rh1 Nd6
29.Rh7 b6 30.b4 Rb8 31.a4 a5 32.bxa5 bxa5 33.Rb1 Rxb1 34.Kxb1 Nc4 35.Kc2 Kd6
36.Rh8 Rb7 37.Rd8+ Kc7 38.Rf8 Rb2+ 39.Kc1 Rxf2 40.Rxf7+ Kd6 41.Rf6 Nb2 42.Be4 Rxf6
43.gxf6 Nc4 44.Bxc6 Nb6 45.Be8 g5 46.Kd2 g4 47.f7 Ke7 48.Ke2 Nc4 49.Kf2 Nd6
50.Kg3 Ne4+ 51.Kxg4 Nxc3 52.Kf4 Nd5+ 53.Ke4 Nb6 54.Ke5 Nc4+ 55.Ke4 Nd6+ 56.Kd3 Kf8
57.Kc3 Ke7 58.Kd3  1/2-1/2

[Event "IV Geller Memorial"]
[Site "Odessa UKR"]
[Date "2008.09.10"]
[Round "2"]
[White "Grekh,A"]
[Black "Smirnov,I UKR"]
[Result "1/2-1/2"]
[WhiteElo "2362"]
[BlackElo "2504"]

1.e4 d5 2.exd5 Qxd5 3.Nc3 Qd6 4.d4 Nf6 5.Nf3 c6 6.g3 Bg4 7.Bg2 e6 8.h3 Bxf3
9.Bxf3 Nbd7 10.a3 Qc7 11.O-O Bd6 12.Ne2 O-O 13.Bf4 Bxf4 14.Nxf4 e5 15.dxe5 Nxe5
16.Bg2 Rad8 17.Qe1 Rfe8 18.Qc3 Qd6  1/2-1/2

[Event "7th Georgiev - Kesarovski Mem"]
[Site "Sunny Beach BUL"]
[Date "2008.09.10"]
[Round "3"]
[White "Badev,K"]
[Black "Draganova,P"]
[Result "1-0"]
[WhiteElo "2337"]
[BlackElo "2023"]

1.e4 d5 2.exd5 Qxd5 3.Nc3 Qd8 4.d4 c6 5.Qd3 b6 6.Nge2 Bb7 7.Bg5 Qd7 8.O-O-O e6
9.Ne4 Be7 10.Qg3 Bxg5+ 11.Qxg5 Kf8 12.Nf4 Ne7 13.Bc4 Nd5 14.Rhe1 Na6 15.Nh5 f6
16.Qg3 Rd8 17.Bxa6 Bxa6 18.Qa3+ Qe7 19.Qxa6 f5 20.Nd2 f4 21.g3  1-0

[Event "1st Women It"]
[Site "Tashkent UZB"]
[Date "2008.09.10"]
[Round "6"]
[White "Andriasian,S"]
[Black "Hamrakulova,Y"]
[Result "1/2-1/2"]
[WhiteElo "2280"]
[BlackElo "2145"]

1.e4 d5 2.exd5 Qxd5 3.Nc3 Qd6 4.d4 Nf6 5.Nf3 a6 6.h3 Nc6 7.Be3 e5 8.dxe5 Nxe5
9.Be2 Bd7 10.O-O O-O-O 11.Qc1 Nxf3+ 12.Bxf3 Bc6 13.Rd1 Qe6 14.Rxd8+ Kxd8
15.Ne2 Bxf3 16.Nd4 Qb6 17.Nxf3 Bc5 18.Bxc5 Qxc5 19.b4 Qc3 20.Rb1 Kc8 21.b5 axb5
22.Rxb5 Re8 23.Rb3 Qc5 24.Qd2 Ne4 25.Qe2 Re6 26.Rd3 Nd6 27.Qd2 Re8 28.Rd5 Qb6
29.Ne5 f6 30.Nd3 Ne4 31.Qf4 Qb1+ 32.Kh2 Qxa2 33.Qf5+ Kb8 34.Qd7 Rc8 35.Nb4 Qa3
36.Rb5 b6 37.Nc6+ Kb7 38.Nd8+ Ka6 39.Rd5 Nd6 40.Rd4 b5 41.c4 bxc4 42.Qc6+ Ka7
43.Rxc4 Rxd8 44.Ra4+ Qxa4 45.Qxa4+ Kb6 46.Qg4 Ne8 47.Qb4+ Ka7 48.Qe7 Rc8
49.Qd7 Kb8 50.Qb5+ Ka7 51.Qf5 Kb7 52.Qd7 Kb8 53.g4 c5 54.Qb5+ Ka7  1/2-1/2

[Event "3rd PGMA Cup"]
[Site "Manila PHI"]
[Date "2008.09.11"]
[Round "7"]
[White "Senador,E"]
[Black "Maga,M"]
[Result "1-0"]
[WhiteElo "2390"]
[BlackElo "2256"]

1.e4 d5 2.exd5 Qxd5 3.Nc3 Qd6 4.d4 a6 5.Nf3 Nf6 6.g3 Bg4 7.h3 Bh5 8.Bg2 Nc6
9.Bf4 Qe6+ 10.Be3 O-O-O 11.O-O Qc4 12.g4 Bg6 13.g5 e5 14.Nxe5 Nxe5 15.gxf6 gxf6
16.f4 Bh6 17.Qe1 Nc6 18.b3 Qb4 19.a3 Qe7 20.d5 Nb8 21.Qf2  1-0

[Event "II ROMGAZ Open"]
[Site "Bucharest ROU"]
[Date "2008.09.12"]
[Round "2"]
[White "Kurnosov,I"]
[Black "Manea,Al"]
[Result "1-0"]
[WhiteElo "2617"]
[BlackElo "2357"]

1.e4 d5 2.exd5 Qxd5 3.Nc3 Qd6 4.d4 a6 5.Ne4 Qe6 6.Qe2 Nc6 7.Nf3 Nf6 8.Nxf6+ Qxf6
9.Bg5 Qg6 10.O-O-O Bg4 11.Be3 O-O-O 12.d5 Bxf3 13.gxf3 Ne5 14.Bh3+ Kb8 15.Bf4 Nd7
16.Qc4 Qb6 17.Be6 g5 18.Be3 Ne5 19.Qc3 Qd6 20.Bc5 fxe6 21.Bxd6 exd6 22.dxe6 Re8
23.Qb3 Bh6 24.Rd4 Ka7 25.Rb4 b5 26.a4 c5 27.Re4 Nxf3 28.axb5 g4+ 29.Kd1 d5
30.Ra4 Rxe6 31.Qxd5 Rhe8 32.Rxa6+ Rxa6 33.Qd7+ Kb6 34.Qc6+ Ka5 35.Qxa6+ Kb4
36.Qxh6  1-0

[Event "58th ch-HUN KO"]
[Site "Nyiregyhaza HUN"]
[Date "2008.09.12"]
[Round "1.1"]
[White "Balogh,C"]
[Black "Czebe,A"]
[Result "1/2-1/2"]
[WhiteElo "2624"]
[BlackElo "2480"]

1.e4 d5 2.exd5 Qxd5 3.Nc3 Qd6 4.d4 Nf6 5.Nf3 g6 6.g3 Bg7 7.Bg2 Qa6 8.Bf4 c6
9.Ne5 O-O 10.Qe2 Qxe2+ 11.Nxe2 Nd5 12.Bd2 Nd7 13.f4 Nxe5 14.dxe5 f6 15.exf6 exf6
16.Bxd5+ cxd5 17.Kf2 Re8 18.c3 Re4 19.Rhe1 Bd7 20.Be3 a5 21.Nd4 b5 22.Nb3 Bf8
23.a3 Kf7 24.Bb6 Rxe1 25.Rxe1 b4 26.axb4 axb4 27.cxb4 Bxb4 28.Rc1 Rb8 29.Bd4 Bd6  1/2-1/2

[Event "VII Open"]
[Site "Bergamo ITA"]
[Date "2008.09.13"]
[Round "4"]
[White "Angelini,M"]
[Black "Panjkovic,A"]
[Result "1-0"]
[WhiteElo "1987"]
[BlackElo "2148"]

1.e4 d5 2.exd5 Qxd5 3.Nc3 Qd6 4.d4 Nf6 5.Bc4 a6 6.Bb3 b5 7.Nge2 Bb7 8.f3 e6
9.Be3 Nbd7 10.Ng3 c5 11.dxc5 Qe5 12.Qe2 Bxc5 13.Bxc5 Qxe2+ 14.Kxe2 Nxc5 15.Rad1 Ke7
16.Rd2 Bc6 17.a3 Nxb3 18.cxb3 Rhd8 19.b4 Rxd2+ 20.Kxd2 Rd8+ 21.Ke2 h5 22.Ke3 g5
23.Rc1 h4 24.Nge4 Bxe4 25.Nxe4 Nd5+ 26.Kf2 f5 27.Nc5 Nf4 28.Rc2 Rd6 29.g3 hxg3+
30.hxg3 Nd3+ 31.Ke2 Ne5 32.b3 g4 33.fxg4 fxg4 34.Rd2 Rc6 35.Ke3 a5 36.Kf4 axb4
37.axb4 Rd6 38.Rxd6 Kxd6 39.Ne4+ Kd5 40.Nc3+ Kd4 41.Nxb5+ Kd5 42.Nc7+ Kd6
43.Ne8+ Kd5 44.Nf6+ Kd4 45.Nxg4 Nd3+ 46.Kg5 Nxb4 47.Kf6 Ke4 48.Ne5 Na6 49.g4 Nc7
50.g5 Kd4 51.b4 Kd5 52.g6 Ne8+ 53.Kf7 Nd6+ 54.Kf8 Nf5 55.Ng4 e5 56.Ne3+ Nxe3
57.g7 Kc4 58.g8=Q+ Kxb4 59.Qe6 Nc4 60.Ke7 Kc3 61.Qd5 Kb4 62.Kf6 Kc3 63.Kg5 Kb4
64.Qd3 Kc5 65.Kf5 Kb4 66.Ke4 Kc5 67.Qd5+ Kb4 68.Qc6 Kb3 69.Qc5 Nb2 70.Qxe5 Ka2
71.Qb5 Ka1 72.Kd4 Ka2 73.Kc3 Nd1+ 74.Kd2 Nb2 75.Kc2  1-0